10 Closest Non Bordering Countries To Germany - Statistics

General Stats
  • This quiz has been taken 141 times
  • The average score is 9 of 10
Answer Stats
Km Answer % Correct
73 Sweden
96%
51 Italy
95%
310 UK
95%
328 Norway
93%
222 Hungary
92%
223 Slovakia
92%
118 Slovenia
92%
33 Liechtenstein
82%
222 Croatia
81%
332 Bosnia
76%
No matching quizzes found
Score Distribution
Percent of People with Each Score
Percentile by Number Answered
Your Score History
You have not taken this quiz